000 01057nam a2200313 i 4500
001 0000238
003 DO-SdBNP
005 20260527074041.0
007 ta
008 110114s1995 dr 000 0 spa d
040 _aDO-SdBNP
_bspa
_cBNPHU
_erda
041 _hspa
082 4 _a923.27293
_bB742o
_222
100 1 _aOcaña, Antonio,
_eautor
_4aut.
_929507
245 1 0 _aUn hombre llamado Juan Bosch /
_cAntonio Ocaña.
264 4 _aSanto Domingo :
_bEditora Alfa & Omega,
_c1995.
300 _a366 páginas ;
_c21 cm.
336 _atexto
_btxt
_2rdacontent
337 _asin mediación
_bn
_2rdamedia
338 _avolumen
_bnc
_2rdacarrier
500 _aIncluye conología de Juan Bosch hasta 1994.
590 _aInventariado, 2024/BT
600 1 0 _a Bosch, Juan,
_d1909-2001
_976555
650 4 _aPartido de la liberación dominicana
_xHistoria
_949045
650 4 _aPartido Revolucionario Dominicano
_xHistoria
_98375
650 0 _aPartidos políticos
_zRepública Dominicana
_9285
910 _aValidado. Control de calidad EMS.
942 _2ddc
_cLBS1
999 _c23328
_d23328